[Event "EYCC Open-U14 2019"]
[Site "Bratislava"]
[Date "2019.08.09"]
[Round "8.28"]
[White "Czernek, Tymon"]
[Black "Schouten, Mathias Lind"]
[Result "1-0"]
[WhiteElo "2003"]
[BlackElo "1961"]
[Annotator "NA"]
[PlyCount "129"]
[EventDate "2019.08.02"]
[EventType "swiss"]
[EventCountry "SVK"]
[SourceTitle "playchess.com"]
[Source "ChessBase"]
[SourceQuality "1"]
[TimeControl "40/5400+30:1800+30"]

1. e4 {[%emt 0:00:00]} c5 {[%emt 0:00:00]} 2. Nf3 {[%emt 0:00:00]} Nc6 {[%emt 0:00:00]} 3. d3 {[%emt 0:00:00]} g6 {[%emt 0:00:00]} 4. g3 {[%emt 0:00:00]} Bg7 {[%emt 0:00:00]} 5. Bg2 {[%emt 0:00:00]} e6 {[%emt 0:00:00]} 6. O-O {[%emt 0:00:06]} Nge7 {[%emt 0:00:00]} 7. c3 {[%emt 0:00:18]} d5 {[%emt 0:00:16]} 8. Nbd2 {[%emt 0:00:27]} O-O {[%emt 0:00:09]} 9. Re1 {[%emt 0:00:06]} b6 {[%emt 0:03:50]} 10. e5 {[%emt 0:02:47]} Ba6 {[%emt 0:18:39]} 11. d4 {[%emt 0:01:33]} Nf5 {[%emt 0:04:15]} 12. Nf1 {[%emt 0:03:05]} cxd4 {[%emt 0:12:57]} 13. cxd4 {[%emt 0:00:05]} Qd7 {[%emt 0:01:20]} 14. Ne3 {[%emt 0:01:58]} Nxe3 {[%emt 0:02:20]} 15. Bxe3 {[%emt 0:00:07]} Rfc8 {[%emt 0:02:53]} 16. a3 {[%emt 0:05:57]} Na5 {[%emt 0:03:10]} 17. h4 {[%emt 0:01:00]} Bc4 {[%emt 0:01:44]} 18. Nd2 {[%emt 0:05:23]} Bd3 {[%emt 0:04:56]} 19. h5 {[%emt 0:04:07]} Qb5 {[%emt 0:07:14]} 20. b4 {[%emt 0:01:12]} Nc4 {[%emt 0:05:18]} 21. Nxc4 {[%emt 0:00:35]} Bxc4 {[%emt 0:00:55]} 22. Qd2 {[%emt 0:01:52]} Rc7 {[%emt 0:10:27]} 23. Bh6 {[%emt 0:02:31]} Qe8 {[%emt 0:01:24]} 24. Bxg7 {[%emt 0:02:20]} Kxg7 {[%emt 0:00:04]} 25. hxg6 {[%emt 0:00:18]} hxg6 {[%emt 0:00:05]} 26. Bf3 {[%emt 0:00:16]} Kf8 {[%emt 0:00:36]} 27. Kg2 {[%emt 0:00:45]} Ke7 {[%emt 0:00:51]} 28. Rh1 {[%emt 0:00:36]} Kd7 29. Rh7 {[%emt 0:05:25]} Qe7 {[%emt 0:02:44]} 30. Rah1 {[%emt 0:02:08]} Rf8 {[%emt 0:01:49]} 31. R1h6 {[%emt 0:04:53]} Kc8 {[%emt 0:01:52]} 32. Bg4 {[%emt 0:03:28]} Qe8 {[%emt 0:00:41]} 33. Qf4 {[%emt 0:03:36]} Bd3 {[%emt 0:03:16]} 34. Qf6 {[%emt 0:01:32]} Be4+ {[%emt 0:00:17]} 35. Bf3 {[%emt 0:05:55]} Bxf3+ {[%emt 0:01:22]} 36. Qxf3 {[%emt 0:00:35]} Kb7 {[%emt 0:00:47]} 37. Rh4 {[%emt 0:00:24]} Qb5 {[%emt 0:01:58]} 38. Rg7 {[%emt 0:02:36]} Rc1 {[%emt 0:00:33]} 39. Rxf7+ {[%emt 0:01:02]} Rxf7 {[%emt 0:01:17]} 40. Qxf7+ {[%emt 0:00:00]} Ka6 {[%emt 0:00:00]} 41. Rh1 {[%emt 0:04:48]} Rxh1 {[%emt 0:01:04]} 42. Kxh1 {[%emt 0:00:01]} Qf1+ {[%emt 0:00:35]} 43. Kh2 {[%emt 0:00:06]} g5 {[%emt 0:01:45]} 44. Qxe6 {[%emt 0:03:24]} Qxf2+ {[%emt 0:00:47]} 45. Kh3 {[%emt 0:00:03]} Qxd4 {[%emt 0:01:26]} 46. Qc8+ {[%emt 0:00:55]} Kb5 {[%emt 0:00:05]} 47. Qd7+ {[%emt 0:00:57]} Kc4 {[%emt 0:00:16]} 48. Qf5 {[%emt 0:04:33]} Qd1 {[%emt 0:03:43]} 49. Qxg5 {[%emt 0:09:35]} d4 {[%emt 0:00:26]} 50. Qf4 {[%emt 0:04:30]} Qe2 {[%emt 0:02:27]} 51. Qf7+ {[%emt 0:01:05]} Kc3 {[%emt 0:00:55]} 52. e6 {[%emt 0:00:09]} d3 {[%emt 0:01:37]} 53. e7 {[%emt 0:00:29]} d2 {[%emt 0:00:13]} 54. e8=Q {[%emt 0:00:51]} Qxe8 {[%emt 0:00:06]} 55. Qxe8 {[%emt 0:00:05]} d1=Q {[%emt 0:00:11]} 56. Qe3+ {[%emt 0:00:07]} Kb2 {[%emt 0:00:51]} 57. g4 {[%emt 0:00:09]} Qd7 {[%emt 0:00:32]} 58. Kg3 {[%emt 0:00:31]} Qd6+ {[%emt 0:00:55]} 59. Kf3 {[%emt 0:02:48]} Qc6+ {[%emt 0:01:06]} 60. Kf2 {[%emt 0:01:12]} Qf6+ {[%emt 0:02:07]} 61. Ke2 {[%emt 0:00:08]} Qc6 {[%emt 0:03:49]} 62. g5 {[%emt 0:00:38]} Qg2+ {[%emt 0:01:04]} 63. Kd3 {[%emt 0:01:21]} Kxa3 {[%emt 0:00:59]} 64. Qc1+ {[%emt 0:00:34]} Kb3 {[%emt 0:02:54]} 65. Qc3+ {[%emt 0:00:07]} 1-0

[Event "EYCC Open-U14 2019"]
[Site "Bratislava"]
[Date "2019.08.09"]
[Round "8.29"]
[White "Grahn, Vidar"]
[Black "Jun, Rudolf Jr."]
[Result "0-1"]
[WhiteElo "1980"]
[BlackElo "2200"]
[Annotator "NA"]
[PlyCount "94"]
[EventDate "2019.08.02"]
[EventType "swiss"]
[EventCountry "SVK"]
[SourceTitle "playchess.com"]
[Source "ChessBase"]
[SourceQuality "1"]
[TimeControl "40/5400+30:1800+30"]

1. e4 {[%emt 0:00:00]} c5 {[%emt 0:00:00]} 2. Nf3 {[%emt 0:00:00]} e6 {[%emt 0:00:00]} 3. d4 {[%emt 0:00:00]} cxd4 {[%emt 0:00:00]} 4. Nxd4 {[%emt 0:00:00]} Nf6 {[%emt 0:00:40]} 5. Nc3 {[%emt 0:00:00]} d6 {[%emt 0:00:16]} 6. Be2 {[%emt 0:00:06]} Be7 {[%emt 0:00:24]} 7. O-O {[%emt 0:00:07]} a6 {[%emt 0:02:11]} 8. f4 {[%emt 0:02:58]} Qc7 {[%emt 0:00:51]} 9. Kh1 {[%emt 0:00:18]} O-O {[%emt 0:00:10]} 10. a4 {[%emt 0:00:49]} Nbd7 {[%emt 0:00:43]} 11. Be3 {[%emt 0:02:15]} b6 {[%emt 0:00:14]} 12. Bf3 {[%emt 0:04:19]} Bb7 {[%emt 0:01:17]} 13. Nb3 {[%emt 0:01:00]} Rac8 {[%emt 0:01:43]} 14. g4 {[%emt 0:12:05]} Nc5 {[%emt 0:00:14]} 15. Nxc5 {[%emt 0:01:20]} bxc5 {[%emt 0:01:15]} 16. g5 {[%emt 0:03:23]} Nd7 {[%emt 0:01:55]} 17. Qe2 {[%emt 0:05:59]} Rfe8 {[%emt 0:04:55]} 18. Qg2 {[%emt 0:06:56]} Nb6 {[%emt 0:00:59]} 19. b3 {[%emt 0:02:47]} d5 {[%emt 0:08:30]} 20. a5 {[%emt 0:08:26]} dxe4 {[%emt 0:00:15]} 21. Nxe4 {[%emt 0:00:43]} Nd5 {[%emt 0:06:45]} 22. Bc1 {[%emt 0:02:13]} Ba8 {[%emt 0:01:40]} 23. c4 {[%emt 0:05:29]} Nxf4 {[%emt 0:05:36]} 24. Bxf4 {[%emt 0:00:17]} Qxf4 {[%emt 0:00:04]} 25. Nf6+ {[%emt 0:02:23]} Bxf6 {[%emt 0:00:26]} 26. gxf6 {[%emt 0:00:41]} Qh6 {[%emt 0:00:22]} 27. fxg7 {[%emt 0:03:13]} Qg6 {[%emt 0:01:03]} 28. Bxa8 {[%emt 0:01:19]} Rxa8 {[%emt 0:00:04]} 29. Qf2 {[%emt 0:00:59]} Qe4+ {[%emt 0:01:38]} 30. Kg1 {[%emt 0:00:35]} Qd4 {[%emt 0:02:12]} 31. Rad1 {[%emt 0:02:38]} Qxf2+ {[%emt 0:00:21]} 32. Rxf2 {[%emt 0:00:18]} Re7 {[%emt 0:01:02]} 33. Rd6 {[%emt 0:02:21]} Kxg7 {[%emt 0:02:20]} 34. Rc6 {[%emt 0:02:11]} f5 {[%emt 0:01:30]} 35. Rxc5 {[%emt 0:00:41]} Kf6 {[%emt 0:00:18]} 36. Rc6 {[%emt 0:00:46]} Kg5 {[%emt 0:03:41]} 37. c5 {[%emt 0:04:13]} e5 {[%emt 0:00:20]} 38. Rd6 {[%emt 0:00:32]} e4 {[%emt 0:00:52]} 39. Kf1 {[%emt 0:04:42]} e3 {[%emt 0:02:31]} 40. h4+ {[%emt 0:00:00]} Kg4 {[%emt 0:00:00]} 41. Rd4+ {[%emt 0:07:21]} Kg3 {[%emt 0:02:14]} 42. Rxf5 {[%emt 0:02:28]} e2+ {[%emt 0:00:05]} 43. Ke1 {[%emt 0:00:42]} Rae8 {[%emt 0:00:24]} 44. c6 {[%emt 0:08:02]} Re3 {[%emt 0:00:34]} 45. Rfd5 {[%emt 0:00:35]} Rf8 {[%emt 0:00:29]} 46. Rg5+ {[%emt 0:01:33]} Kh2 {[%emt 0:00:06]} 47. Rdg4 {[%emt 0:00:56]} Rf1+ {[%emt 0:00:14]} 0-1

[Event "EYCC Open-U14 2019"]
[Site "Bratislava"]
[Date "2019.08.09"]
[Round "8.30"]
[White "Pegno, Mattia"]
[Black "Cappelletto, Joshuaede"]
[Result "0-1"]
[WhiteElo "1821"]
[BlackElo "2138"]
[Annotator "NA"]
[PlyCount "102"]
[EventDate "2019.08.02"]
[EventType "swiss"]
[EventCountry "SVK"]
[SourceTitle "playchess.com"]
[Source "ChessBase"]
[SourceQuality "1"]
[TimeControl "40/5400+30:1800+30"]

1. e4 {[%emt 0:00:00]} c5 {[%emt 0:00:00]} 2. Nf3 {[%emt 0:00:00]} d6 {[%emt 0:00:00]} 3. d4 {[%emt 0:00:03]} cxd4 {[%emt 0:00:00]} 4. Nxd4 {[%emt 0:00:08]} Nf6 {[%emt 0:00:00]} 5. Nc3 {[%emt 0:00:32]} a6 {[%emt 0:00:02]} 6. Be2 {[%emt 0:00:24]} e5 {[%emt 0:00:47]} 7. Nb3 {[%emt 0:00:29]} Be7 {[%emt 0:00:11]} 8. O-O {[%emt 0:00:46]} O-O {[%emt 0:00:07]} 9. Be3 {[%emt 0:01:08]} Be6 {[%emt 0:02:11]} 10. f3 {[%emt 0:04:49]} Qc7 {[%emt 0:03:10]} 11. Qd2 {[%emt 0:02:07]} Nbd7 {[%emt 0:01:22]} 12. Rfd1 {[%emt 0:06:30]} Nb6 {[%emt 0:08:30]} 13. Kh1 {[%emt 0:08:17]} Rfd8 {[%emt 0:08:46]} 14. Bxb6 {[%emt 0:04:59]} Qxb6 {[%emt 0:00:08]} 15. Nd5 {[%emt 0:00:18]} Nxd5 {[%emt 0:04:55]} 16. exd5 {[%emt 0:00:18]} Bf5 {[%emt 0:00:28]} 17. Bd3 {[%emt 0:07:38]} Bd7 {[%emt 0:01:31]} 18. c4 {[%emt 0:11:11]} Kh8 {[%emt 0:00:49]} 19. Qa5 {[%emt 0:08:18]} Qf2 {[%emt 0:05:24]} 20. Qd2 {[%emt 0:05:20]} Qh4 {[%emt 0:02:39]} 21. Na5 {[%emt 0:05:52]} Bg5 {[%emt 0:04:47]} 22. Qe1 {[%emt 0:06:03]} Qh6 {[%emt 0:00:10]} 23. b3 {[%emt 0:03:08]} Rab8 {[%emt 0:01:06]} 24. Rab1 {[%emt 0:06:48]} f5 {[%emt 0:07:46]} 25. Rb2 {[%emt 0:03:43]} Rf8 {[%emt 0:03:47]} 26. b4 {[%emt 0:02:07]} Be3 {[%emt 0:03:31]} 27. Re2 {[%emt 0:03:54]} f4 {[%emt 0:01:24]} 28. Rxe3 {[%emt 0:01:07]} fxe3 {[%emt 0:00:08]} 29. Be4 {[%emt 0:00:41]} Bf5 {[%emt 0:12:25]} 30. Bxf5 {[%emt 0:03:24]} Rxf5 {[%emt 0:00:06]} 31. Rd3 {[%emt 0:00:55]} e4 {[%emt 0:06:01]} 32. Rxe3 {[%emt 0:01:50]} exf3 {[%emt 0:01:48]} 33. Rxf3 {[%emt 0:01:30]} Rxf3 {[%emt 0:00:55]} 34. gxf3 {[%emt 0:00:06]} b6 {[%emt 0:00:49]} 35. Nc6 {[%emt 0:01:07]} Rf8 {[%emt 0:00:08]} 36. Nd4 {[%emt 0:01:10]} Qf4 {[%emt 0:01:56]} 37. Qg1 {[%emt 0:01:05]} h6 {[%emt 0:02:37]} 38. a3 {[%emt 0:00:31]} Rc8 {[%emt 0:00:56]} 39. Qxg7+ {[%emt 0:00:36]} Kxg7 {[%emt 0:00:11]} 40. Ne6+ {[%emt 0:00:00]} Kf7 {[%emt 0:00:00]} 41. Nxf4 {[%emt 0:00:15]} Rxc4 {[%emt 0:00:57]} 42. Ne2 {[%emt 0:04:51]} Rc2 {[%emt 0:00:08]} 43. Ng3 {[%emt 0:00:29]} Kf6 {[%emt 0:00:33]} 44. f4 {[%emt 0:00:40]} Ra2 {[%emt 0:00:17]} 45. Ne4+ {[%emt 0:00:12]} Kf5 {[%emt 0:00:40]} 46. Nxd6+ {[%emt 0:00:46]} Kxf4 {[%emt 0:00:08]} 47. Nf7 {[%emt 0:01:15]} Kf3 {[%emt 0:03:21]} 48. Ne5+ {[%emt 0:01:23]} Ke4 {[%emt 0:00:17]} 49. Nd7 {[%emt 0:02:24]} Rxa3 {[%emt 0:01:42]} 50. Nxb6 {[%emt 0:00:43]} Kf3 {[%emt 0:00:13]} 51. h4 {[%emt 0:00:30]} Kg3 {[%emt 0:00:05]} 0-1

[Event "EYCC Open-U14 2019"]
[Site "Bratislava"]
[Date "2019.08.09"]
[Round "8.31"]
[White "Fardet, Elouan"]
[Black "Sahakyan, Aleks"]
[Result "0-1"]
[WhiteElo "2047"]
[BlackElo "1856"]
[Annotator "NA"]
[PlyCount "72"]
[EventDate "2019.08.02"]
[EventType "swiss"]
[EventCountry "SVK"]
[SourceTitle "playchess.com"]
[Source "ChessBase"]
[SourceQuality "1"]
[TimeControl "40/5400+30:1800+30"]

1. e4 {[%emt 0:00:00]} c5 {[%emt 0:00:00]} 2. Nf3 {[%emt 0:00:00]} d6 {[%emt 0:00:00]} 3. d4 {[%emt 0:00:00]} cxd4 {[%emt 0:00:00]} 4. Nxd4 {[%emt 0:00:00]} Nf6 {[%emt 0:00:00]} 5. Nc3 {[%emt 0:00:00]} a6 {[%emt 0:00:00]} 6. g3 {[%emt 0:00:00]} e5 {[%emt 0:02:41]} 7. Nde2 {[%emt 0:00:07]} Be6 {[%emt 0:00:20]} 8. Bg2 {[%emt 0:00:11]} b5 {[%emt 0:01:41]} 9. h3 {[%emt 0:02:07]} h5 {[%emt 0:04:07]} 10. O-O {[%emt 0:12:45]} Nbd7 {[%emt 0:05:06]} 11. Nd5 {[%emt 0:03:04]} Bxd5 {[%emt 0:03:21]} 12. exd5 {[%emt 0:00:36]} Rc8 {[%emt 0:00:15]} 13. Be3 {[%emt 0:07:10]} Nb6 {[%emt 0:01:41]} 14. b3 {[%emt 0:01:18]} Be7 {[%emt 0:01:15]} 15. Qd2 {[%emt 0:07:02]} Qc7 {[%emt 0:04:40]} 16. Rfc1 {[%emt 0:05:23]} O-O {[%emt 0:02:25]} 17. a4 {[%emt 0:12:05]} bxa4 {[%emt 0:04:47]} 18. Bxb6 {[%emt 0:00:08]} Qxb6 {[%emt 0:00:01]} 19. Rxa4 {[%emt 0:00:22]} Nd7 {[%emt 0:00:29]} 20. Qa5 {[%emt 0:10:12]} Bg5 {[%emt 0:05:38]} 21. Rca1 {[%emt 0:05:16]} Qxa5 {[%emt 0:03:08]} 22. Rxa5 {[%emt 0:00:18]} Rxc2 {[%emt 0:00:04]} 23. Kf1 {[%emt 0:00:54]} Nc5 {[%emt 0:00:42]} 24. Rb1 {[%emt 0:07:11]} Rb8 {[%emt 0:02:34]} 25. Ra3 {[%emt 0:07:46]} Bd2 {[%emt 0:04:54]} 26. f4 {[%emt 0:04:57]} Bb4 {[%emt 0:00:52]} 27. Raa1 {[%emt 0:00:40]} f6 {[%emt 0:00:51]} 28. f5 {[%emt 0:01:25]} a5 {[%emt 0:03:04]} 29. Bf3 {[%emt 0:01:22]} Bd2 {[%emt 0:08:39]} 30. Ra3 {[%emt 0:01:01]} a4 {[%emt 0:00:31]} 31. b4 {[%emt 0:02:36]} Rxb4 {[%emt 0:01:23]} 32. Raa1 {[%emt 0:00:13]} a3 {[%emt 0:04:07]} 33. Rxb4 {[%emt 0:01:19]} Bxb4 {[%emt 0:00:02]} 34. Bxh5 {[%emt 0:00:49]} a2 {[%emt 0:00:12]} 35. Nc1 {[%emt 0:00:05]} Rxc1+ {[%emt 0:01:01]} 36. Rxc1 {[%emt 0:00:06]} Bc3 {[%emt 0:00:02]} 0-1

[Event "EYCC Open-U14 2019"]
[Site "Bratislava"]
[Date "2019.08.09"]
[Round "8.32"]
[White "Putar, Leon"]
[Black "Creanga, Robert-Ionut"]
[Result "0-1"]
[WhiteElo "1742"]
[BlackElo "2024"]
[Annotator "NA"]
[PlyCount "80"]
[EventDate "2019.08.02"]
[EventType "swiss"]
[EventCountry "SVK"]
[SourceTitle "playchess.com"]
[Source "ChessBase"]
[SourceQuality "1"]
[TimeControl "40/5400+30:1800+30"]

1. e4 {[%emt 0:00:00]} d6 {[%emt 0:00:00]} 2. d4 {[%emt 0:00:12]} Nf6 {[%emt 0:00:00]} 3. Bd3 {[%emt 0:00:25]} e5 {[%emt 0:00:00]} 4. c3 {[%emt 0:00:44]} d5 {[%emt 0:00:00]} 5. dxe5 {[%emt 0:02:46]} Nxe4 {[%emt 0:00:12]} 6. Nf3 {[%emt 0:01:24]} Nc6 {[%emt 0:00:15]} 7. O-O {[%emt 0:04:18]} Bg4 {[%emt 0:06:56]} 8. Bf4 {[%emt 0:10:50]} Be7 {[%emt 0:03:49]} 9. h3 {[%emt 0:03:35]} Bh5 {[%emt 0:03:36]} 10. Re1 {[%emt 0:03:40]} Nc5 {[%emt 0:04:45]} 11. Bc2 {[%emt 0:07:57]} O-O {[%emt 0:03:36]} 12. Bg3 {[%emt 0:07:36]} Ne6 {[%emt 0:10:40]} 13. Nbd2 {[%emt 0:11:46]} Ng5 {[%emt 0:15:40]} 14. h4 {[%emt 0:13:15]} Ne6 {[%emt 0:05:20]} 15. Nf1 {[%emt 0:01:33]} Bc5 {[%emt 0:11:34]} 16. Ne3 {[%emt 0:03:27]} Ne7 {[%emt 0:06:26]} 17. Qd2 {[%emt 0:07:54]} c6 {[%emt 0:05:15]} 18. Nd4 {[%emt 0:01:41]} Bxd4 {[%emt 0:01:08]} 19. cxd4 {[%emt 0:00:06]} Qb6 {[%emt 0:00:31]} 20. f4 {[%emt 0:02:58]} Qxd4 {[%emt 0:04:05]} 21. Qf2 {[%emt 0:00:09]} g6 {[%emt 0:08:38]} 22. Bh2 {[%emt 0:03:28]} Qb4 {[%emt 0:01:19]} 23. f5 {[%emt 0:03:43]} d4 {[%emt 0:02:29]} 24. Nf1 {[%emt 0:01:33]} gxf5 {[%emt 0:01:07]} 25. Ng3 {[%emt 0:00:04]} Bg4 {[%emt 0:00:16]} 26. Nxf5 {[%emt 0:00:31]} Bxf5 {[%emt 0:00:15]} 27. Bxf5 {[%emt 0:00:06]} Nxf5 {[%emt 0:00:05]} 28. Qxf5 {[%emt 0:00:04]} Qe7 {[%emt 0:00:33]} 29. Re4 {[%emt 0:01:01]} Kh8 {[%emt 0:01:07]} 30. Rf1 {[%emt 0:00:43]} c5 {[%emt 0:01:48]} 31. b3 {[%emt 0:01:28]} Rad8 {[%emt 0:00:44]} 32. h5 {[%emt 0:00:32]} Qg5 {[%emt 0:00:42]} 33. Qf3 {[%emt 0:00:11]} Rg8 {[%emt 0:00:14]} 34. g4 {[%emt 0:01:02]} Rd7 {[%emt 0:00:45]} 35. Bg3 {[%emt 0:00:26]} h6 {[%emt 0:01:50]} 36. Qf2 {[%emt 0:00:34]} d3 {[%emt 0:00:19]} 37. Bh4 {[%emt 0:00:38]} Qxh5 {[%emt 0:00:15]} 38. Qg3 {[%emt 0:01:38]} Qg6 {[%emt 0:00:16]} 39. Qe3 {[%emt 0:02:01]} Rd4 {[%emt 0:01:10]} 40. Rf6 {[%emt 0:00:00]} Rxe4 {[%emt 0:00:00]} 0-1

[Event "EYCC Open-U14 2019"]
[Site "Bratislava"]
[Date "2019.08.09"]
[Round "8.33"]
[White "Pozzari, Simone"]
[Black "Antal, Hunor-Zoltan"]
[Result "0-1"]
[WhiteElo "2179"]
[BlackElo "1980"]
[Annotator "NA"]
[PlyCount "78"]
[EventDate "2019.08.02"]
[EventType "swiss"]
[EventCountry "SVK"]
[SourceTitle "playchess.com"]
[Source "ChessBase"]
[SourceQuality "1"]
[TimeControl "40/5400+30:1800+30"]

1. e4 {[%emt 0:00:00]} e6 {[%emt 0:00:00]} 2. d4 {[%emt 0:00:17]} d5 {[%emt 0:00:00]} 3. Nc3 {[%emt 0:00:40]} Bb4 {[%emt 0:00:04]} 4. e5 {[%emt 0:00:06]} c5 {[%emt 0:00:33]} 5. Qg4 {[%emt 0:01:14]} Ne7 {[%emt 0:00:15]} 6. a3 {[%emt 0:00:35]} Bxc3+ {[%emt 0:02:48]} 7. bxc3 {[%emt 0:00:03]} O-O {[%emt 0:03:00]} 8. Bd3 {[%emt 0:11:04]} c4 {[%emt 0:06:36]} 9. Bh6 {[%emt 0:02:03]} Ng6 {[%emt 0:00:59]} 10. Bxg6 {[%emt 0:00:12]} hxg6 {[%emt 0:02:29]} 11. Bd2 {[%emt 0:00:09]} Qe8 {[%emt 0:10:04]} 12. f4 {[%emt 0:03:40]} f6 {[%emt 0:03:09]} 13. Nf3 {[%emt 0:01:46]} Nd7 {[%emt 0:02:03]} 14. O-O {[%emt 0:01:25]} b5 {[%emt 0:07:17]} 15. Rae1 {[%emt 0:03:25]} a5 {[%emt 0:21:06]} 16. Nh4 {[%emt 0:05:58]} fxe5 {[%emt 0:00:21]} 17. fxe5 {[%emt 0:01:34]} Rxf1+ {[%emt 0:00:14]} 18. Rxf1 {[%emt 0:00:02]} Nf8 {[%emt 0:00:32]} 19. Rf3 {[%emt 0:01:26]} Ra7 {[%emt 0:13:50]} 20. Rg3 {[%emt 0:06:17]} Rc7 {[%emt 0:01:17]} 21. Nxg6 {[%emt 0:11:09]} Nxg6 {[%emt 0:00:35]} 22. Qh5 {[%emt 0:04:11]} Qf8 {[%emt 0:06:57]} 23. Qxg6 {[%emt 0:03:52]} Rf7 {[%emt 0:00:36]} 24. h4 {[%emt 0:01:21]} Rf1+ {[%emt 0:01:17]} 25. Kh2 {[%emt 0:00:01]} Qf7 {[%emt 0:01:03]} 26. Qg4 {[%emt 0:07:08]} Kh7 {[%emt 0:04:44]} 27. Be3 {[%emt 0:06:49]} Bd7 {[%emt 0:01:47]} 28. Qe2 {[%emt 0:12:16]} Rf5 {[%emt 0:02:09]} 29. Rh3 {[%emt 0:00:49]} Be8 {[%emt 0:02:17]} 30. g4 {[%emt 0:00:51]} Rf1 {[%emt 0:00:07]} 31. h5 {[%emt 0:00:30]} Ra1 {[%emt 0:01:42]} 32. Rf3 {[%emt 0:06:13]} Qe7 {[%emt 0:00:01]} 33. Qf2 {[%emt 0:06:27]} Rxa3 {[%emt 0:01:56]} 34. Bf4 {[%emt 0:02:01]} b4 {[%emt 0:00:45]} 35. Rh3 {[%emt 0:00:54]} Rxc3 {[%emt 0:00:15]} 36. Rxc3 {[%emt 0:00:22]} bxc3 {[%emt 0:00:08]} 37. Qg3 {[%emt 0:00:36]} a4 {[%emt 0:00:34]} 38. g5 {[%emt 0:00:35]} Bxh5 {[%emt 0:01:34]} 39. Qxc3 {[%emt 0:00:36]} Qf7 {[%emt 0:00:30]} 0-1

[Event "EYCC Open-U14 2019"]
[Site "Bratislava"]
[Date "2019.08.09"]
[Round "8.34"]
[White "Meskenas, Paulius"]
[Black "Fernandez Lopez, Ruben"]
[Result "0-1"]
[WhiteElo "2040"]
[BlackElo "2207"]
[Annotator "NA"]
[PlyCount "94"]
[EventDate "2019.08.02"]
[EventType "swiss"]
[EventCountry "SVK"]
[SourceTitle "playchess.com"]
[Source "ChessBase"]
[SourceQuality "1"]
[TimeControl "40/5400+30:1800+30"]

1. e4 {[%emt 0:00:00]} c5 2. Nf3 {[%emt 0:00:00]} d6 {[%emt 0:00:00]} 3. d4 {[%emt 0:00:00]} cxd4 {[%emt 0:00:00]} 4. Nxd4 {[%emt 0:00:00]} Nf6 {[%emt 0:00:00]} 5. Nc3 {[%emt 0:00:00]} a6 {[%emt 0:00:00]} 6. Bc4 {[%emt 0:00:05]} e6 {[%emt 0:00:00]} 7. Bb3 {[%emt 0:00:04]} Nbd7 {[%emt 0:00:05]} 8. O-O {[%emt 0:02:21]} Nc5 {[%emt 0:00:32]} 9. Qf3 {[%emt 0:01:54]} Be7 {[%emt 0:00:31]} 10. Bg5 {[%emt 0:01:24]} O-O {[%emt 0:00:23]} 11. Rad1 {[%emt 0:00:14]} Qc7 {[%emt 0:00:15]} 12. Rfe1 {[%emt 0:00:30]} b5 {[%emt 0:00:28]} 13. a3 {[%emt 0:00:07]} Bb7 {[%emt 0:00:04]} 14. Ba2 {[%emt 0:00:45]} Nfxe4 {[%emt 0:01:24]} 15. Bxe7 {[%emt 0:03:59]} Nxc3 {[%emt 0:00:05]} 16. Qxc3 {[%emt 0:00:11]} Qxe7 {[%emt 0:00:05]} 17. Nf5 {[%emt 0:00:11]} Qg5 {[%emt 0:00:04]} 18. Ng3 {[%emt 0:00:47]} Rfd8 {[%emt 0:00:47]} 19. b4 {[%emt 0:03:34]} Na4 {[%emt 0:01:27]} 20. Qc7 {[%emt 0:02:30]} Bd5 {[%emt 0:04:05]} 21. Bxd5 {[%emt 0:00:59]} exd5 {[%emt 0:03:27]} 22. Qb7 {[%emt 0:01:05]} Nc3 {[%emt 0:00:54]} 23. Rd3 {[%emt 0:01:10]} Rac8 {[%emt 0:03:43]} 24. h4 {[%emt 0:02:32]} Qg6 {[%emt 0:00:51]} 25. Qe7 {[%emt 0:01:22]} Ne4 {[%emt 0:05:30]} 26. Nxe4 {[%emt 0:00:30]} dxe4 {[%emt 0:00:01]} 27. Rxe4 {[%emt 0:00:21]} h6 {[%emt 0:00:55]} 28. Rg3 {[%emt 0:01:57]} Qf5 {[%emt 0:00:04]} 29. Reg4 {[%emt 0:00:44]} g6 {[%emt 0:00:06]} 30. Rf3 {[%emt 0:00:17]} Rd7 {[%emt 0:00:50]} 31. Rxf5 {[%emt 0:04:51]} Rxe7 {[%emt 0:01:52]} 32. Rf6 {[%emt 0:02:08]} Rxc2 {[%emt 0:02:51]} 33. Rxd6 {[%emt 0:00:12]} Re1+ {[%emt 0:02:36]} 34. Kh2 {[%emt 0:00:18]} Rxf2 {[%emt 0:00:03]} 35. Rxa6 {[%emt 0:00:11]} h5 {[%emt 0:00:06]} 36. Rg5 {[%emt 0:02:16]} Re4 {[%emt 0:00:04]} 37. Rxb5 {[%emt 0:01:32]} Rxh4+ {[%emt 0:00:26]} 38. Kg3 {[%emt 0:00:08]} Rhf4 {[%emt 0:00:01]} 39. Rb8+ {[%emt 0:04:28]} Kg7 {[%emt 0:00:01]} 40. b5 {[%emt 0:00:00]} h4+ {[%emt 0:00:00]} 41. Kh3 {[%emt 0:00:22]} Rb2 {[%emt 0:00:36]} 42. b6 {[%emt 0:04:12]} Rb3+ {[%emt 0:00:01]} 43. Kh2 {[%emt 0:01:14]} Rf2 {[%emt 0:00:45]} 44. Ra4 {[%emt 0:06:57]} h3 {[%emt 0:00:45]} 45. Rg4 {[%emt 0:02:30]} hxg2 {[%emt 0:00:02]} 46. a4 {[%emt 0:01:54]} Rbb2 {[%emt 0:00:04]} 47. b7 {[%emt 0:01:20]} Rfc2 {[%emt 0:00:09]} 0-1